000
00267nam a2200133Ia 4500
100
_a
#N/A
650
_a
Computers
942
_c
BK
654
_a
AUTOCAD
245
_a
MASTERING AUTOCAD-14 FOR ENGINNERS
260
_b
B.P.B.PUBL
082
_b
OMU
546
_a
ENGLISH
999
_c
22422
_d
22422